Gemeinden des Kantons Tessin - Statistiken

Allgemein
  • Dieses Quiz wurde 1.258 mal gespielt
    759 seit der letzten Aktualisierung
  • Das Durchschnittsergebnis liegt bei 31 aus 100
Antworten auf der Karte
Die Antworten werden auf der Karte rot bzw. grün angezeigt, abhängig davon wie oft sie richtig erraten wurden.
 
Antwortstatistiken
Einwohner Gemeinde % Korrekt
45'305 Bellinzona
99%
63’629 Lugano
99%
16’374 Locarno
97%
7’564 Chiasso
90%
1’452 Airolo
87%
5’322 Ascona
80%
15’085 Mendrisio
77%
6’201 Biasca
74%
2’674 Maggia
70%
3’393 Tenero-Contra
64%
776 Verzasca
64%
2’705 Faido
61%
1’785 Melide
60%
1’619 Brissago
51%
47 Bosco/Gurin
47%
4’853 Paradiso
47%
1’070 Centovalli
46%
1’747 Blenio
45%
4’554 Agno
44%
6’727 Losone
44%
7’321 Minusio
41%
926 Quinto
41%
108 Bedretto
40%
713 Morcote
40%
404 Isone
38%
1’253 Lavertezzo
34%
4’729 Monteceneri
34%
3’126 Tresa
34%
4’522 Stabio
33%
1’796 Acquarossa
32%
3’132 Cadenazzo
32%
1’111 Cevio
32%
5’160 Arbedo-Castione
31%
4’269 Riviera
31%
5’024 Gambarogno
30%
663 Onsernone
30%
2’695 Riva San Vitale
30%
4’400 Caslano
28%
4’831 Gordola
28%
801 Giornico
26%
522 Ronco sopra Ascona
26%
3’087 Torricella-Taverne
26%
930 Bissone
25%
49 Campo (Vallemaggia)
25%
4’903 Collina d'Oro
25%
2’572 Muralto
25%
687 Orselina
24%
3’356 Balerna
23%
1’622 Magliaso
23%
2’858 Cugnasco-Gerra
22%
1’757 Lamone
22%
1’389 Mezzovico-Vira
22%
2’671 Sant'Antonino
22%
408 Vico Morcote
22%
6’717 Capriasca
21%
1’373 Manno
21%
2’262 Castel San Pietro
20%
2’834 Coldrerio
20%
185 Dalpe
20%
6’799 Massagno
20%
2’801 Bioggio
19%
790 Cademario
19%
498 Lavizzara
19%
4’412 Morbio Inferiore
19%
1’958 Ponte Capriasca
19%
1’355 Pura
19%
2’070 Serravalle
19%
1’889 Breggia
18%
436 Brione sopra Minusio
18%
1’585 Cadempino
18%
1’684 Lumino
18%
1’390 Alto Malcantone
17%
1’534 Avegno Gordevio
17%
474 Brusino Arsizio
17%
468 Grancia
17%
317 Personico
16%
2’183 Sorengo
16%
1’510 Bedano
15%
2’404 Canobbio
15%
37 Cerentino
15%
1’483 Cureglia
15%
41 Linescio
15%
201 Mergoscia
15%
805 Muzzano
15%
2’340 Novazzano
15%
920 Pollegio
15%
2’276 Savosa
15%
2’685 Terre di Pedemonte
15%
938 Arogno
14%
2’186 Comano
14%
2’662 Lema
13%
1’526 Origlio
13%
1’717 Porza
13%
3’491 Vacallo
13%
3’005 Val Mara
13%
1’958 Vezia
13%
351 Aranno
11%
328 Neggio
11%
1’398 Gravesano
10%
613 Vernate
9%
Keine übereinstimmenden Quizze gefunden
Verteilung der Resultate
Anzahl Personen mit jedem Resultat
Perzentil nach korrekt beantworteten Fragen
Ihre Resultats-Entwicklung
Sie haben dieses Quiz seit der letzten Aktualisierung nicht gespielt